000 00369nam a22001337a 4500
008 190110b xxu||||| |||| 00| 0 eng d
020 _a9789951437578
041 _aeng
080 _a616.12
100 _a7
101 _aKARD
245 _aDiagnoza Diferenciale e Infarktit Akut të Miokardit në emergjencat Abdominale dhe Torakale
_cKrasniqi,S.Sh
942 _2udc
_cBK
999 _c53807
_d53807